Southville International School and Colleges
Your cart is empty.
  • Cart
  • Lists
    Public lists list_1 View all
    Your lists Log in to create your own lists
  • Log in to your account
  • Your cookies
  • Search history
Southville International School and Colleges
  • Advanced search
  • Recent comments
  • Most popular
  • Libraries

Log in to your account

Log in with GOOGLE


If you do not have an external account, but do have a local account, you can still log in:

  1. Home
  2. MARC view: Parade 5.
Normal view MARC view ISBD view

Parade 5. (Record no. 104005)

[ view plain ]
MARC details
000 -LEADER
fixed length control field 00432nam a2200169 a 4500
005 - DATE AND TIME OF LATEST TRANSACTION
control field 20140412111311.0
008 - FIXED-LENGTH DATA ELEMENTS--GENERAL INFORMATION
fixed length control field 010206s19uu xx 00 eng d
020 ## - INTERNATIONAL STANDARD BOOK NUMBER
International Standard Book Number 0-673-19618-6
050 ## - LIBRARY OF CONGRESS CALL NUMBER
Classification number TR(PS 420.7
Item number P37 1996
100 ## - MAIN ENTRY--PERSONAL NAME
Personal name Claire, Elizabeth
245 ## - TITLE STATEMENT
Title Parade 5.
260 ## - PUBLICATION, DISTRIBUTION, ETC. (IMPRINT)
Place of publication, distribution, etc Glenview, Illinois :
Name of publisher, distributor, etc Scott Foresman,
Date of publication, distribution, etc 1996.
300 ## - PHYSICAL DESCRIPTION
Extent 91
440 ## - SERIES STATEMENT/ADDED ENTRY--TITLE
Title Scott foresman Parade
650 ## - SUBJECT ADDED ENTRY--TOPICAL TERM
Topical term or geographic name as entry element Reading
Holdings
Withdrawn status Lost status Damaged status Home library Current library Shelving location Date acquired Source of acquisition Cost, normal purchase price Total Checkouts Full call number Barcode Date last seen Price effective from Koha item type
      Elizalde Library Elizalde Library Teachers Reference Section 02/06/2001   198.00   TR(PS 420.7 P37 1996 E6244 04/12/2014 04/12/2014 Books

Parade 5.

APA

Claire E., . (1996). Parade 5. Glenview, Illinois: Scott Foresman.

Chicago

Claire Elizabeth, . 1996. Parade 5. Glenview, Illinois: Scott Foresman.

Harvard

Claire E., . (1996). Parade 5. Glenview, Illinois: Scott Foresman.

MLA

Claire Elizabeth, . Parade 5. Glenview, Illinois: Scott Foresman. 1996.

  • Place hold
  • Print
  • Cite
  • Add to your cart (remove)
  • Save record
    BIBTEX Dublin Core MARCXML MARC (non-Unicode/MARC-8) MARC (Unicode/UTF-8) MARC (Unicode/UTF-8, Standard) MODS (XML) RIS
  • More searches
    Search for this title in:
    Other Libraries (WorldCat) Other Databases (Google Scholar) Online Stores (Bookfinder.com) Open Library (openlibrary.org)

Exporting to Dublin Core...

SOUTHVILLE LIBRARY

Southville International School and Colleges Library

1281 Tropical Ave. Cor. Luxembourg St., BF Homes International, Las Pinas City

Tel. No. 8256374 / 252358 Loc. 117/146

Powered by Koha